| 000 | 00932nam a2200253 i 4500 | ||
|---|---|---|---|
| 001 | 53612 | ||
| 003 | ES-MaACL | ||
| 005 | 20240420063022.0 | ||
| 007 | t| | ||
| 008 | 031105s1995 sp ||||1| spa d | ||
| 020 | _a84-7898-106-3 | ||
| 080 | _a929 Quintana, Manuel José | ||
| 080 | _a321.7(460)"18" | ||
| 100 | 0 |
_aMartínez Torrón, Diego, _d1950- _978451 |
|
| 245 | 1 | 0 |
_aManuel José Quintana y el espíritu de la España liberal (Con textos desconocidos) / _cDiego Martínez Torrón. |
| 260 |
_aSevilla : _bAlfar, _c1995. |
||
| 300 |
_a335 p. ; _c24 cm. |
||
| 490 | 1 |
_aAlfar Universidad ; _v83. _aSerie Ediciones, Textos y Documentos |
|
| 600 | 1 | 4 |
_aQuintana, Manuel José, _d1772-1857 _994670 |
| 650 | 1 | 4 |
_aLiberalismo- _zEspaña- _yS.XIX. _914390 |
| 830 | 0 |
_aAlfar Universidad ; _v83. _aSerie Ediciones, Textos y Documentos _9230263 |
|
| 852 |
_aES-MaACL _jL-26600 _bR.132225 |
||
| 999 |
_c53612 _d53612 |
||